El diario /

¿Cómo se hace un diario? ¿Cómo se escribe una nota? ¿Qué elementos hacen que algún hecho sea noticiable y otro no? ¿Quién decide qué va en la tapa? ¿Las noticias son un reflejo de lo que pasa en la sociedad o son una lectura de lo que algunos creen que pasa en la sociedad? Respuestas a estos y otros...

Descripción completa

Guardado en:
Autor Principal: Busaniche, Gisela
Autor Corporativo: Canal Encuentro.
Formato: Deslizar
Publicado: Argentina, 2009
Series:En el Medio I
Materias:
Etiquetas: Agregar Etiqueta
Sin Etiquetas, Sea el primero en etiquetar este registro!
LEADER 01191ngm a22003015g 4500
001 CEM.cems023462
008 130507s2009##################0###0#####d
005 20250408165327.0
245 1 0 |a El diario /  |c Gisela Busaniche. 
260 |a Argentina,  |c 2009 
300 |a 29'. 
490 0 |a En el Medio I 
520 |a ¿Cómo se hace un diario? ¿Cómo se escribe una nota? ¿Qué elementos hacen que algún hecho sea noticiable y otro no? ¿Quién decide qué va en la tapa? ¿Las noticias son un reflejo de lo que pasa en la sociedad o son una lectura de lo que algunos creen que pasa en la sociedad? Respuestas a estos y otros interrogantes. 
538 |a Soporte: DVD - Color: Si - Grabación DRD. 
590 |a Identificación anterior registrada en SIABUC: D89A. 
500 |a Consultar en ventanilla. 
100 1 |a Busaniche, Gisela 
710 2 |a Canal Encuentro. 
082 0 7 |/ BUS-1 
653 |a MEDIOS 
653 |a MEDIOS DE COMUNICACION 
653 |a PERIODISMO 
653 |a PRENSA 
653 |a DIARIOS 
653 |a PERIODICOS 
653 |a PRENSA ESCRITA 
653 |a SERIE DE TELEVISIÓN 
859 |a CEMS  |b BIB. CEMS - Depto. Recursos Didacticos  |h 070  |i BUS-1  |k DRD  |p 2105.15  |t Ej.1